| 000 | 01411 a2200253 4500 | ||
|---|---|---|---|
| 003 | Nust | ||
| 005 | 20170207153410.0 | ||
| 010 | _a 83006046 | ||
| 020 | _a0672984423 | ||
| 040 | _cNust | ||
| 082 | 0 | 0 | _a652 |
| 100 | 1 | _aKleinschrod, Walter A. | |
| 245 | 1 | 0 |
_aWord/information processing : _badministration & office automation / _cWalter A. Kleinschrod, Leonard B. Kruk, Hilda J. Turner. |
| 250 | _a2nd ed. | ||
| 260 |
_aIndianapolis : _bBobbs-Merrill Educational Pub., _cc1983. |
||
| 300 |
_aviii, 259 p. : _bill. ; _c29 cm. |
||
| 500 | _aIncludes index. | ||
| 500 | _aRev. ed. of: Word processing. 1980. | ||
| 505 | _aInformation Processing A System whose time has Come (Page-1) The Human Factor in WP (Page-14) WP Equipment (Page-27) Computer Word Processors and Information Networks (Page-55) Administrative Support Services (Page-68) The Word Processing Feasibility Study (Page-80) Analyzing and Implementing a WP Systems (Page-98) How Word Processing Ties in to Larger Systems (Page-118) WP System Procedures (Page-143)Human Relations and Staffing (Page-160) Techniques of Selecting Training and Evaluating WP Personnel (Page-174) Setting Standards and Evaluating Costs (Page-187) Office Layout and Environment for WP/AS (Page-208) WP and the Future View (Page-221). | ||
| 538 | _aAlmirah No.43 Shelf No. 2 | ||
| 650 | 0 | _aWord processing. | |
| 700 | 1 | _aKruk, Leonard B. | |
| 700 | 1 | _aTurner, Hilda J. | |
| 942 |
_2ddc _cBK |
||
| 999 |
_c185321 _d185321 |
||